ՀՀ Գիտությունների ազգային ակադեմիայի հիմնարար գիտական գրադարան  =   Fundamental Scientific Library of NAS RA

Լեգենդար Գայ : (Record no. 8280)

MARC details
000 -LEADER
fixed length control field 01312nam a2200289 a 4500
001 - CONTROL NUMBER
control field 000021963
003 - CONTROL NUMBER IDENTIFIER
control field AM-YEHGA
005 - DATE AND TIME OF LATEST TRANSACTION
control field 20250617120856.0
008 - FIXED-LENGTH DATA ELEMENTS--GENERAL INFORMATION
fixed length control field 030329s1977 ai |||||||||||||||||arm d
040 ## - CATALOGING SOURCE
Original cataloging agency AM-YeHGA
041 1# - LANGUAGE CODE
Language code of text/sound track or separate title arm
090 ## - LOCALLY ASSIGNED LC-TYPE CALL NUMBER (OCLC); LOCAL CALL NUMBER (RLIN)
-- 8340
100 1# - MAIN ENTRY--PERSONAL NAME
Personal name Հայրապետյան, Հայկ Արշակի
245 10 - TITLE STATEMENT
Title Լեգենդար Գայ :
Remainder of title [Կյանքն ու գործունեությունը] /
Statement of responsibility, etc. Հ.Ա. Հայրապետյան; Առաջաբ.՝ Ս. Բուդյոննի; Թարգմ.՝ Կ.Ս. Վարդանյան ; Խմբ.՝ Կ.Լ. Սարիբեկյան, Լ.Ս. Պողոսյան.
260 ## - PUBLICATION, DISTRIBUTION, ETC.
Place of publication, distribution, etc. Երևան :
Name of publisher, distributor, etc. Հայաստան ,
Date of publication, distribution, etc. 1977.
300 ## - PHYSICAL DESCRIPTION
Extent 335 էջ :
Other physical details դիմանկ., լուսանկ. ;
Dimensions 21 սմ.
504 ## - BIBLIOGRAPHY, ETC. NOTE
Bibliography, etc. note Տողատակի ծանոթագր.
600 14 - SUBJECT ADDED ENTRY--PERSONAL NAME
Personal name Գայ (Բժշկյան, Հայկ Դմիտրիի)
Dates associated with a name 1887-1937
650 14 - SUBJECT ADDED ENTRY--TOPICAL TERM
Topical term or geographic name entry element Զինված ուժեր
650 14 - SUBJECT ADDED ENTRY--TOPICAL TERM
Topical term or geographic name entry element Քաղաքացիական կռիվների մասնակիցներ և հերոսներ
653 0# - INDEX TERM--UNCONTROLLED
Uncontrolled term Անվանի զորավարներ
700 1# - ADDED ENTRY--PERSONAL NAME
Personal name Բուդյոննի, Սեմյոն Միխայլովիչ
Relator term առաջաբ.
Relationship aui
700 1# - ADDED ENTRY--PERSONAL NAME
Personal name Վարդանյան, Կ.Ս.
Relator term թարգմ.
Relationship trl
700 1# - ADDED ENTRY--PERSONAL NAME
Personal name Սարիբեկյան, Կ.Լ.
Relator term խմբ.
Relationship edt
700 1# - ADDED ENTRY--PERSONAL NAME
Personal name Պողոսյան, Լ.Ս.
Relator term խմբ.
Relationship edt
942 ## - ADDED ENTRY ELEMENTS (KOHA)
Koha item type Գրքեր / Books
Holdings
Withdrawn status Lost status Source of classification or shelving scheme Damaged status Not for loan Home library Current library Date acquired Total checkouts Full call number Barcode Date last seen Price effective from Koha item type Public note
    Universal Decimal Classification     Fundamental Scientific Library Fundamental Scientific Library 21/12/2016   AII/58404 220058404 21/12/2016 21/12/2016 Գրքեր / Books 30 Days Loan
    Universal Decimal Classification     Fundamental Scientific Library Fundamental Scientific Library 21/12/2016   AII/58451 220058451 21/12/2016 21/12/2016 Գրքեր / Books 30 Days Loan
    Universal Decimal Classification     Fundamental Scientific Library Fundamental Scientific Library 21/12/2016   AII/58452 220058452 21/12/2016 21/12/2016 Գրքեր / Books 30 Days Loan
    Universal Decimal Classification     Fundamental Scientific Library Fundamental Scientific Library 21/12/2016   AII/58453 220058453 21/12/2016 21/12/2016 Գրքեր / Books 30 Days Loan


ՀՀ ԳԱԱ հիմնարար գիտական գրադարան
ՀՀ,Երևան 0019
Մարշալ Բաղրամյան 24/6
հեռախոս:(374-10) 52-47-50
Հետադարձ կապ

All site content, except where otherwise noted, is licensed under a
Creative Commons License